| 000 | 00000cas 2200000zi 4500 |
| 001 | 9.934051 |
| 003 | CaOODSP |
| 005 | 20251216145012 |
| 006 | m o d f |
| 007 | cr cn |||||||| |
| 008 | 240216c20239999qucar p o f0###a0eng d |
| 040 | |aCaOODSP|beng|erda|cCaOODSP |
| 043 | |an-cn--- |
| 086 | 1 |aCC541-4E-PDF |
| 110 | 2 |aJacques Cartier and Champlain Bridges Incorporated.|eauthor, |eissuing body. |
| 245 | 10|aAnnual report to Parliament - Privacy Act ... / |cThe Jacques Cartier and Champlain Bridges Incorporated. |
| 264 | 1|a[Longueuil, Quebec] : |bLes Points Jacques Cartier et Champlain incorporée = The Jacques Cartier and Champlain Bridges Incorporated, |c2023- |
| 310 | |aAnnual |
| 336 | |atext|btxt|2rdacontent |
| 337 | |acomputer|bc|2rdamedia |
| 338 | |aonline resource|bcr|2rdacarrier |
| 362 | 1 |aBegan with: 2022/2023. |
| 500 | |aIssued also in French under title: Rapport annuel au parlement - Loi sur la protection des renseignements personnels ... |
| 588 | |aDescription based on: 2022/2023. |
| 588 | |aLatest issue consulted: 2022/2023. |
| 610 | 20|aJacques Cartier and Champlain Bridges Incorporated |vPeriodicals. |
| 610 | 10|aCanada. |tPrivacy Act|vPeriodicals. |
| 650 | 0|aPrivacy, Right of|zCanada|vPeriodicals. |
| 655 | 7|aPeriodicals|2lcgft |
| 775 | 08|tRapport annuel au parlement - Loi sur la protection des renseignements personnels ... / |w(CaOODSP)9.934054 |